Do you really know Riverdale? - Statistics

General Stats
  • This quiz has been taken 889 times
  • The average score is 8 of 14
Answer Stats
Hint/Questions Answer % Correct
Eyes Color of the Black Hood Archie saw at Pop's Green
85%
The Name we use for Betty and Jug Bughead
84%
Full Name of Betty Cooper Elizabeth Cooper
79%
Who plays the role of Jug Cole Sprouse
77%
Archie's Dog Name Vegas
75%
Jughead Jones Sister Jellybean Jones
73%
Who is one of the Black Hoods Hal Cooper
70%
Who pays the role of Betty Lili Reinhart
66%
Cheryl's Grand Mother Nana Rose Blossom
58%
When did the first season began 2017
52%
Name of Betty's Real Brother Charles Smith
38%
Full Name of Toni Antoinette Topaz
36%
What character is gay except for Kevin Moose Mason
25%
Who becomes the sheriff after Keller Minetta
24%
No matching quizzes found
Score Distribution
Percent of People with Each Score
Percentile by Number Answered
Your Score History
You have not taken this quiz